000 00709nam a2200277Ia 4500
008 160803s9999 xx 000 0 und d
020 _a978-0439651370
100 _aKorman, Gordon
245 _aThe fugitive factor /
245 _cGordon Korman.
260 _aNew York :
260 _bScholastic Inc.
260 _c2005
300 _a148 pages ;
300 _c20 cm.
440 _aOn the run ; chase
440 _vbk. 2.
650 _aAdventure fiction.
650 _aAdventure stories.
650 _aChildren's stories.
650 _aFugitives from justice --
650 _aFugitives from justice --
650 _xFiction.
650 _xJuvenile fiction.
700 _a760
999 _c298655
_d298655